Players Championships 2021 (Darts) - Statistiken

Allgemein
  • Dieses Quiz wurde 19 mal gespielt
  • Das Durchschnittsergebnis liegt bei 23 aus 30
Antwortstatistiken
Turnier Sieger Nationalität % Korrekt
29 Michael van Gerwen Niederlande
100%
8 Peter Wright Schottland
100%
16 Peter Wright Schottland
100%
20 Peter Wright Schottland
100%
23 Peter Wright Schottland
100%
12 Dimitri van den Bergh Belgien
93%
24 Dimitri van den Bergh Belgien
93%
6 Gerwyn Price Wales
93%
21 Gerwyn Price Wales
93%
9 Jose de Sousa Portugal
93%
14 Jose de Sousa Portugal
93%
15 Jose de Sousa Portugal
93%
4 Jonny Clayton Wales
86%
7 Jonny Clayton Wales
86%
10 Michael Smith England
86%
27 Michael Smith England
86%
19 Ross Smith England
86%
5 Brendan Dolan Nordirland
79%
30 Krzysztof Ratajski Polen
79%
11 Dirk van Duijvenbode Niederlande
71%
1 Joe Cullen England
71%
13 Joe Cullen England
71%
22 Ryan Searle England
71%
3 Raymond van Barneveld Niederlande
64%
26 Rob Cross England
64%
17 Stephen Bunting England
50%
18 Chris Dobey England
43%
28 Chris Dobey England
43%
2 Callan Rydz England
29%
25 Callan Rydz England
29%
Keine übereinstimmenden Quizze gefunden
Verteilung der Resultate
Anzahl Personen mit jedem Resultat
Perzentil nach korrekt beantworteten Fragen
Ihre Resultats-Entwicklung
Sie haben dieses Quiz noch nicht gespielt